<?xml version="1.0" encoding="UTF-8"?>
<record
    xmlns:xsi="http://www.w3.org/2001/XMLSchema-instance"
    xsi:schemaLocation="http://www.loc.gov/MARC21/slim http://www.loc.gov/standards/marcxml/schema/MARC21slim.xsd"
    xmlns="http://www.loc.gov/MARC21/slim">

  <leader>00496nam a22001697a 4500</leader>
  <datafield tag="010" ind1=" " ind2=" ">
    <subfield code="a">ENG-144889</subfield>
  </datafield>
  <datafield tag="020" ind1=" " ind2=" ">
    <subfield code="a">9781482872842</subfield>
    <subfield code="c">350.00</subfield>
  </datafield>
  <datafield tag="035" ind1=" " ind2=" ">
    <subfield code="a">EN-128421</subfield>
  </datafield>
  <datafield tag="037" ind1=" " ind2=" ">
    <subfield code="b">DBAD</subfield>
  </datafield>
  <datafield tag="082" ind1=" " ind2=" ">
    <subfield code="a">322.509547</subfield>
  </datafield>
  <datafield tag="100" ind1=" " ind2=" ">
    <subfield code="a">Sharma Yoginder</subfield>
    <subfield code="9">81218</subfield>
  </datafield>
  <datafield tag="245" ind1=" " ind2=" ">
    <subfield code="a">Musings of A Military Maverick/</subfield>
    <subfield code="c">Yoginder Sharma</subfield>
  </datafield>
  <datafield tag="260" ind1=" " ind2=" ">
    <subfield code="c">2016</subfield>
    <subfield code="a">India</subfield>
    <subfield code="b">Partridge India</subfield>
  </datafield>
  <datafield tag="270" ind1=" " ind2=" ">
    <subfield code="b">India</subfield>
    <subfield code="m">india@partridgepublishing.com</subfield>
  </datafield>
  <datafield tag="300" ind1=" " ind2=" ">
    <subfield code="a">xix;121p.</subfield>
    <subfield code="c">23cm(PB)</subfield>
  </datafield>
  <datafield tag="942" ind1=" " ind2=" ">
    <subfield code="2">ddc</subfield>
    <subfield code="c">EN</subfield>
    <subfield code="h">322.509547</subfield>
    <subfield code="m">SHA</subfield>
  </datafield>
  <datafield tag="999" ind1=" " ind2=" ">
    <subfield code="c">211299</subfield>
    <subfield code="d">211299</subfield>
  </datafield>
  <datafield tag="952" ind1=" " ind2=" ">
    <subfield code="0">0</subfield>
    <subfield code="1">0</subfield>
    <subfield code="4">0</subfield>
    <subfield code="7">1</subfield>
    <subfield code="a">DBAD</subfield>
    <subfield code="b">DBAD</subfield>
    <subfield code="d">2025-05-16</subfield>
    <subfield code="e">DBAD</subfield>
    <subfield code="g">350.00</subfield>
    <subfield code="l">0</subfield>
    <subfield code="o">322.509547 SHA</subfield>
    <subfield code="p">EN-128421</subfield>
    <subfield code="r">2025-05-16 00:00:00</subfield>
    <subfield code="t">1</subfield>
    <subfield code="v">350.00</subfield>
    <subfield code="w">2025-05-16</subfield>
    <subfield code="y">EN</subfield>
  </datafield>
</record>
